000 00304nam a22001337a 4500
008 180824b xxu||||| |||| 00| 0 eng d
020 _a9781133234357
041 _aeng
080 _27 ED
_a51
100 _a38
101 _aMAT
245 _aCALCULUS EARLY TRANSCENDENTALS
_cJAMES.S
942 _2udc
_cBK
999 _c47302
_d47302